006680000a22001690004500003001100000005001700011008004100028040003900069041000800108082001300116100001900129245018200148260005100330300004900381650003200430650003600462LK-CoMWRAF20231106120601.0230817t1968 ||||| |||| 00| 0 eng d aLK-CoMWRAFdLK-CoMWRAFeLK-CoMWRAF aeng a923bHAS aHassan, M.C.A. aSir Razik Fareed:bthe political and personal life of Sir Razik Fareed, O.B.E., M.P., J.P.U.M., the Ceylon Moor leader, with a biographical sketch of his father and grandfather  a[Colombo]:bSir Razik Fareed foundation,c1968 a242 p., [9] leaves of plates : ill. ; 22 cm. aMUSLIMS-Sri Lanka-Biography aPoliticians-Sri Lanka-Biography